000 00283nam a2200145Ia 4500
100 _aBawra/Swati
650 _aPhysics
250 _a7
942 _cBK
245 _aEngineering Physics I
260 _bP.Jamnadas
_c2020
082 _a530
_bBAW
546 _aENGLISH
999 _c26395
_d26395